[Event "IM"]
[Site "Aarhus"]
[Date "2003.08.01"]
[Round "6"]
[White "Bae, Torstein"]
[Black "Bromann, Thorbjorn"]
[Result "1/2-1/2"]
[WhiteElo "2366"]
[BlackElo "2360"]
[PlyCount "44"]
[EventDate "2003.07.27"]
[EventType "tourn"]
[EventRounds "9"]
[EventCountry "DEN"]
[EventCategory "5"]
[SourceTitle "CBM 095 Extra"]
[Source "ChessBase"]
[SourceDate "2003.09.04"]

1. Nf3 d5 2. c4 d4 3. e3 Nc6 4. exd4 Nxd4 5. Nxd4 Qxd4 6. Nc3 e5 7. d3 Ne7 8.
Be3 Qd8 9. Qd2 Nf5 10. O-O-O Bb4 11. f4 Qf6 12. fxe5 Qxe5 13. d4 Qa5 14. Bf4
O-O 15. a3 Bxc3 16. Qxc3 Qxc3+ 17. bxc3 Bd7 18. Bd3 c6 19. Rhe1 Rfe8 20. Kd2
Nh4 21. Bf1 Bf5 22. Rxe8+ Rxe8 1/2-1/2

[Event "IM"]
[Site "Aarhus"]
[Date "2003.08.03"]
[Round "8"]
[White "Bae, Torstein"]
[Black "Bank, Pelle Rodkjaer"]
[Result "1/2-1/2"]
[WhiteElo "2366"]
[BlackElo "2260"]
[PlyCount "126"]
[EventDate "2003.07.27"]
[EventType "tourn"]
[EventRounds "9"]
[EventCountry "DEN"]
[EventCategory "5"]
[SourceTitle "CBM 095 Extra"]
[Source "ChessBase"]
[SourceDate "2003.09.04"]

1. d4 g6 2. Nf3 Bg7 3. g3 Nf6 4. Bg2 O-O 5. O-O d6 6. c4 Nbd7 7. Nc3 e5 8. Qc2
exd4 9. Nxd4 Re8 10. b3 Nc5 11. Bb2 c6 12. Rad1 Qb6 13. h3 a5 14. e3 a4 15. Rb1
axb3 16. axb3 h5 17. Ba1 Qb4 18. Na2 Qa5 19. Bb2 Qb6 20. Nc3 Bd7 21. Rfd1 Nh7
22. Bc1 Ng5 23. Kh2 Qc7 24. b4 Nce6 25. Nde2 Rad8 26. h4 Nh7 27. Ne4 Bc8 28.
Bb2 Qe7 29. Rd2 Be5 30. Bxe5 dxe5 31. c5 Nf6 32. Nd6 Ng4+ 33. Kg1 Rf8 34. Rbd1
Qc7 35. Qc4 Ng7 36. Nxc8 Qxc8 37. Nc3 Rxd2 38. Rxd2 Rd8 39. Qe2 Rxd2 40. Qxd2
Qa8 41. Ne4 Qa1+ 42. Bf1 Ne6 43. Nd6 g5 44. Kg2 gxh4 45. gxh4 e4 46. Nxe4 Qe5
47. Ng3 Qf6 48. f3 Ne5 49. Qf2 Qxh4 50. Ne4 Qxf2+ 51. Kxf2 Nc7 52. Nf6+ Kf8 53.
f4 Ng4+ 54. Nxg4 hxg4 55. e4 f5 56. exf5 Nd5 57. b5 cxb5 58. Bxb5 Nc3 59. c6
bxc6 60. Bxc6 Ke7 61. Kg3 Kf6 62. Kxg4 Ne2 63. Kf3 Nd4+ 1/2-1/2

[Event "IM"]
[Site "Aarhus"]
[Date "2003.07.31"]
[Round "5"]
[White "Bae, Torstein"]
[Black "Christenson, Flemming"]
[Result "1/2-1/2"]
[WhiteElo "2366"]
[BlackElo "2261"]
[PlyCount "70"]
[EventDate "2003.07.27"]
[EventType "tourn"]
[EventRounds "9"]
[EventCountry "DEN"]
[EventCategory "5"]
[SourceTitle "CBM 095 Extra"]
[Source "ChessBase"]
[SourceDate "2003.09.04"]

1. Nf3 d5 2. c4 c6 3. e3 Nf6 4. Nc3 a6 5. Be2 Bf5 6. O-O e6 7. Nh4 Bg6 8. d4
Nbd7 9. g3 Be7 10. f3 Qc7 11. Bd2 c5 12. cxd5 exd5 13. Rc1 Qb6 14. Na4 Qa7 15.
Bc3 c4 16. b4 O-O 17. Qd2 b6 18. Rce1 Qb7 19. Nxg6 hxg6 20. Bd1 Rfe8 21. Bc2
Bf8 22. Qg2 a5 23. b5 Bb4 24. Qd2 Bf8 25. Nb2 Ba3 26. Nd1 Nf8 27. Nf2 Qd7 28.
Rb1 Ne6 29. Rfe1 Rad8 30. Kg2 Re7 31. Ba4 Nc7 32. Bb2 Qd6 33. Bc3 Qd7 34. Bb2
Bb4 35. Bc3 Ba3 1/2-1/2

[Event "IM"]
[Site "Aarhus"]
[Date "2003.07.27"]
[Round "1"]
[White "Bae, Torstein"]
[Black "Hermansson, Emil"]
[Result "0-1"]
[WhiteElo "2366"]
[BlackElo "2386"]
[PlyCount "60"]
[EventDate "2003.07.27"]
[EventType "tourn"]
[EventRounds "9"]
[EventCountry "DEN"]
[EventCategory "5"]
[SourceTitle "CBM 095 Extra"]
[Source "ChessBase"]
[SourceDate "2003.09.04"]

1. e4 c6 2. d4 d5 3. e5 Bf5 4. Nc3 e6 5. g4 Bg6 6. Nge2 c5 7. h4 h5 8. Nf4 Bh7
9. Nxh5 Nc6 10. dxc5 Bxc5 11. Bg2 Bg6 12. Bg5 Qc7 13. O-O Bxh5 14. gxh5 Nge7
15. Re1 O-O-O 16. Qe2 a6 17. Rac1 Bd4 18. Bf4 Nf5 19. Bh3 Nxh4 20. Bg5 Ng6 21.
Bxd8 Qxd8 22. hxg6 Rxh3 23. Qg4 Qh8 24. Qg2 fxg6 25. Ne2 Bxf2+ 26. Kxf2 Rh2 27.
Ng3 Qh3 28. Qxh2 Qxh2+ 29. Kf3 Nd4+ 30. Kg4 Nf5 0-1

[Event "IM"]
[Site "Aarhus"]
[Date "2003.07.29"]
[Round "3"]
[White "Bank, Pelle Rodkjaer"]
[Black "Jedynak, Radoslaw"]
[Result "0-1"]
[WhiteElo "2260"]
[BlackElo "2453"]
[PlyCount "82"]
[EventDate "2003.07.27"]
[EventType "tourn"]
[EventRounds "9"]
[EventCountry "DEN"]
[EventCategory "5"]
[SourceTitle "CBM 095 Extra"]
[Source "ChessBase"]
[SourceDate "2003.09.04"]

1. e4 e6 2. d4 d5 3. Nd2 Nf6 4. e5 Nfd7 5. Bd3 c5 6. c3 Nc6 7. Ne2 cxd4 8. cxd4
f6 9. exf6 Nxf6 10. O-O Bd6 11. Nf3 O-O 12. Bf4 Bxf4 13. Nxf4 Ne4 14. Ne2 Rxf3
15. gxf3 Ng5 16. Kh1 e5 17. dxe5 Nxf3 18. Qa4 Bh3 19. Rg1 Nxg1 20. Rxg1 Nxe5
21. Qd4 Qf6 22. Rg3 Be6 23. Nf4 Bf7 24. Bc2 Nd7 25. Qd3 Qxf4 26. Qxh7+ Kf8 27.
Qh8+ Ke7 28. Qxa8 Qc1+ 29. Kg2 Qxc2 30. Re3+ Be6 31. Qxa7 Qxb2 32. Rb3 Qe5 33.
Re3 Qc7 34. Qd4 Kf7 35. Rc3 Qd6 36. f4 Bf5 37. Rg3 Be4+ 38. Kg1 Nf6 39. Rb3 Qc7
40. Qc3 Qd7 41. Qe5 d4 0-1

[Event "IM"]
[Site "Aarhus"]
[Date "2003.08.02"]
[Round "7"]
[White "Bank, Pelle Rodkjaer"]
[Black "Heim, Sverre"]
[Result "1/2-1/2"]
[WhiteElo "2260"]
[BlackElo "2399"]
[PlyCount "28"]
[EventDate "2003.07.27"]
[EventType "tourn"]
[EventRounds "9"]
[EventCountry "DEN"]
[EventCategory "5"]
[SourceTitle "CBM 095 Extra"]
[Source "ChessBase"]
[SourceDate "2003.09.04"]

1. d4 d5 2. f4 Bf5 3. Nf3 Nf6 4. e3 e6 5. Be2 Nbd7 6. O-O Ne4 7. Nbd2 Bd6 8.
Ne5 Nxd2 9. Bxd2 O-O 10. Be1 f6 11. Bh4 Qe8 12. Nxd7 Qxd7 13. Bd3 Rae8 14. Qe2
Kh8 1/2-1/2

[Event "IM"]
[Site "Aarhus"]
[Date "2003.07.31"]
[Round "5"]
[White "Bank, Pelle Rodkjaer"]
[Black "Matthiesen, Arne"]
[Result "1/2-1/2"]
[WhiteElo "2260"]
[BlackElo "2282"]
[PlyCount "43"]
[EventDate "2003.07.27"]
[EventType "tourn"]
[EventRounds "9"]
[EventCountry "DEN"]
[EventCategory "5"]
[SourceTitle "CBM 095 Extra"]
[Source "ChessBase"]
[SourceDate "2003.09.04"]

1. e4 e6 2. d3 d5 3. Nd2 Nf6 4. Ngf3 c5 5. g3 Nc6 6. Bg2 Be7 7. O-O b6 8. Re1
Qc7 9. exd5 exd5 10. c4 O-O 11. d4 Bb7 12. dxc5 bxc5 13. cxd5 Nxd5 14. a3 Rad8
15. Qc2 Ba6 16. Ne4 Nd4 17. Nxd4 cxd4 18. Qa4 Qb6 19. Bd2 Bb5 20. Qb3 Ba6 21.
Qa4 Bb5 22. Qb3 1/2-1/2

[Event "IM"]
[Site "Aarhus"]
[Date "2003.07.29"]
[Round "3"]
[White "Bromann, Thorbjorn"]
[Black "Matthiesen, Arne"]
[Result "0-1"]
[WhiteElo "2360"]
[BlackElo "2282"]
[PlyCount "84"]
[EventDate "2003.07.27"]
[EventType "tourn"]
[EventRounds "9"]
[EventCountry "DEN"]
[EventCategory "5"]
[SourceTitle "CBM 095 Extra"]
[Source "ChessBase"]
[SourceDate "2003.09.04"]

1. e4 g6 2. d4 Bg7 3. Nc3 d6 4. Bc4 Nc6 5. Be3 Nf6 6. Nge2 a6 7. a4 Nxe4 8.
Nxe4 d5 9. Bd3 dxe4 10. Bxe4 Bg4 11. f3 Bf5 12. Bxf5 gxf5 13. c3 O-O 14. g4 e5
15. d5 Ne7 16. c4 b5 17. Qc2 bxc4 18. O-O-O Nxd5 19. Bc5 Qg5+ 20. Kb1 Rfd8 21.
h4 Qf6 22. Qxc4 Qc6 23. Rc1 f4 24. h5 Rab8 25. h6 Bf8 26. Rh5 Qg6+ 27. Ka1 Bxc5
28. Qxc5 f6 29. Rd1 Qf7 30. Rhh1 Rd6 31. Rc1 Nb4 32. Nc3 Rc6 33. Qa7 Re8 34.
Rh2 Qb3 35. Rd2 Qxa4+ 36. Kb1 Qb3 37. Rd7 Rxc3 38. Rxc3 Qa2+ 39. Kc1 Qa1+ 40.
Kd2 Qxb2+ 41. Kd1 Qxc3 42. Rg7+ Kh8 0-1

[Event "IM"]
[Site "Aarhus"]
[Date "2003.07.27"]
[Round "1"]
[White "Bromann, Thorbjorn"]
[Black "Jedynak, Radoslaw"]
[Result "1-0"]
[WhiteElo "2360"]
[BlackElo "2453"]
[PlyCount "117"]
[EventDate "2003.07.27"]
[EventType "tourn"]
[EventRounds "9"]
[EventCountry "DEN"]
[EventCategory "5"]
[SourceTitle "CBM 095 Extra"]
[Source "ChessBase"]
[SourceDate "2003.09.04"]

1. e4 e6 2. d4 d5 3. Nc3 Bb4 4. e5 c5 5. a3 Ba5 6. Bd2 Nc6 7. dxc5 Nxe5 8. f4
Ng6 9. Nf3 Nf6 10. g3 O-O 11. Bd3 Bd7 12. O-O Rc8 13. Qe2 Ne7 14. b4 Bc7 15.
Rad1 b6 16. cxb6 Bxb6+ 17. Kg2 d4 18. Ne4 Nf5 19. Nxf6+ Qxf6 20. Ne5 Ba4 21.
Rc1 Qd8 22. Rfe1 Re8 23. c4 dxc3 24. Bxc3 f6 25. Bxf5 fxe5 26. Qxe5 Rxc3 27.
Bxe6+ Rxe6 28. Qxe6+ Kf8 29. Qf5+ Kg8 30. Qe6+ Kf8 31. Rxc3 Qd2+ 32. Kh3 Qxc3
33. Re5 Bd4 34. Qe7+ Kg8 35. Qe6+ Kf8 36. Qd6+ Kg8 37. Qb8+ Kf7 38. Qb7+ Kg8
39. Rf5 h6 40. Qd5+ Kh7 41. Rf8 Qd3 42. Qg8+ Kg6 43. Qe6+ Kh7 44. Qg8+ Kg6 45.
Qe6+ Kh7 46. f5 Qf1+ 47. Kh4 Bf6+ 48. Rxf6 Qf2 49. Rxh6+ gxh6 50. Qg6+ Kh8 51.
Qxh6+ Kg8 52. Qg6+ Kf8 53. Qf6+ Kg8 54. h3 Bc2 55. Qe6+ Kg7 56. Qe7+ Kh6 57.
Qf8+ Kh7 58. Qf7+ Kh8 59. f6 1-0

[Event "IM"]
[Site "Aarhus"]
[Date "2003.08.02"]
[Round "7"]
[White "Bromann, Thorbjorn"]
[Black "Christenson, Flemming"]
[Result "1-0"]
[WhiteElo "2360"]
[BlackElo "2261"]
[PlyCount "101"]
[EventDate "2003.07.27"]
[EventType "tourn"]
[EventRounds "9"]
[EventCountry "DEN"]
[EventCategory "5"]
[SourceTitle "CBM 095 Extra"]
[Source "ChessBase"]
[SourceDate "2003.09.04"]

1. e4 e6 2. d4 d5 3. Nc3 Nf6 4. Bg5 Bb4 5. exd5 Qxd5 6. Bxf6 Bxc3+ 7. bxc3 gxf6
8. Qd2 Nd7 9. c4 Qe4+ 10. Ne2 b6 11. f3 Qh4+ 12. g3 Qh5 13. Bg2 Bb7 14. O-O
O-O-O 15. a4 e5 16. d5 a5 17. Nc1 Ba6 18. Qc3 Qg6 19. Nb3 f5 20. Rfd1 Qd6 21.
Bh3 Kb8 22. Bxf5 Nc5 23. Kg2 f6 24. Rf1 h5 25. Nd2 Rdg8 26. Rab1 Ka7 27. Ne4
Nxe4 28. fxe4 Qc5 29. Be6 Rg6 30. Rf3 h4 31. g4 Bxc4 32. Qd2 h3+ 33. Rxh3 Rxh3
34. Kxh3 Qa3+ 35. Kg2 Qxa4 36. h4 Bb5 37. Bf5 Rg8 38. Qc3 Bc4 39. h5 b5 40. Ra1
Ba2 41. Qxc7+ Ka8 42. Rxa2 Qxa2 43. Bd7 Rxg4+ 44. Bxg4 Qa4 45. d6 Qd4 46. Qxa5+
Kb8 47. Qxb5+ Ka7 48. Qa5+ Kb8 49. d7 Qxe4+ 50. Bf3 Qxc2+ 51. Kg3 1-0

[Event "IM"]
[Site "Aarhus"]
[Date "2003.08.03"]
[Round "8"]
[White "Bromann, Thorbjorn"]
[Black "Vinther Schou, Uffe"]
[Result "0-1"]
[WhiteElo "2360"]
[BlackElo "2390"]
[PlyCount "70"]
[EventDate "2003.07.27"]
[EventType "tourn"]
[EventRounds "9"]
[EventCountry "DEN"]
[EventCategory "5"]
[SourceTitle "CBM 095 Extra"]
[Source "ChessBase"]
[SourceDate "2003.09.04"]

1. d4 Nf6 2. Nc3 d5 3. Bg5 c5 4. Bxf6 gxf6 5. e4 dxe4 6. dxc5 f5 7. Qxd8+ Kxd8
8. f3 Bg7 9. Rd1+ Bd7 10. Bc4 Bxc3+ 11. bxc3 e6 12. fxe4 fxe4 13. Nh3 Ke7 14.
Ng5 Rg8 15. h4 h6 16. Nxe4 Bc6 17. Nd6 Nd7 18. Rd2 Nxc5 19. Rf1 Rg7 20. Rf4 Rd8
21. Rfd4 Rxd6 22. Rxd6 Ne4 23. Rxc6 Nxd2 24. Rc7+ Kd6 25. Rxb7 Nxc4 26. Rxa7
Ne5 27. Kf2 Rg4 28. h5 Rc4 29. a4 Rxc3 30. a5 Rxc2+ 31. Kg3 Rc3+ 32. Kf2 f5 33.
a6 Ra3 34. Ra8 Ng4+ 35. Ke2 Ke5 0-1

[Event "IM"]
[Site "Aarhus"]
[Date "2003.07.31"]
[Round "5"]
[White "Bromann, Thorbjorn"]
[Black "Heim, Sverre"]
[Result "1-0"]
[WhiteElo "2360"]
[BlackElo "2399"]
[PlyCount "79"]
[EventDate "2003.07.27"]
[EventType "tourn"]
[EventRounds "9"]
[EventCountry "DEN"]
[EventCategory "5"]
[SourceTitle "CBM 095 Extra"]
[Source "ChessBase"]
[SourceDate "2003.09.04"]

1. d4 Nf6 2. Nc3 d5 3. Bg5 e6 4. e4 dxe4 5. Nxe4 Nbd7 6. Nf3 h6 7. Bh4 Be7 8.
Nxf6+ Bxf6 9. Bxf6 Qxf6 10. Qd2 O-O 11. Qe3 Nb6 12. Bd3 Nd5 13. Qe4 g6 14. g3
Nb4 15. Be2 Bd7 16. Ne5 Bc6 17. Nxc6 Nxc6 18. O-O-O Rad8 19. c3 e5 20. dxe5
Qxe5 21. Qxe5 Nxe5 22. f4 Nd7 23. Rd4 Nf6 24. Ra4 a6 25. Bf3 Rb8 26. Rd1 Rfe8
27. Kc2 Re7 28. Rb4 b6 29. Ra4 a5 30. b4 axb4 31. cxb4 c5 32. b5 Ne8 33. Ra8
Re2+ 34. Bxe2 Rxa8 35. Bc4 Ra4 36. Bb3 Re4 37. a4 Nc7 38. Rd7 Ne6 39. Bxe6 fxe6
40. a5 1-0

[Event "IM"]
[Site "Aarhus"]
[Date "2003.08.03"]
[Round "8"]
[White "Christenson, Flemming"]
[Black "Matthiesen, Arne"]
[Result "1-0"]
[WhiteElo "2261"]
[BlackElo "2282"]
[PlyCount "77"]
[EventDate "2003.07.27"]
[EventType "tourn"]
[EventRounds "9"]
[EventCountry "DEN"]
[EventCategory "5"]
[SourceTitle "CBM 095 Extra"]
[Source "ChessBase"]
[SourceDate "2003.09.04"]

1. d4 d5 2. c4 dxc4 3. e3 Nf6 4. Bxc4 e6 5. Nf3 c5 6. O-O a6 7. a4 Nc6 8. Qe2
Qc7 9. Nc3 Bd6 10. dxc5 Bxc5 11. e4 Nd4 12. Nxd4 Bxd4 13. Kh1 b6 14. f4 O-O 15.
e5 Bxc3 16. bxc3 Nd7 17. Ba3 Nc5 18. a5 b5 19. Qe3 Bb7 20. Bxc5 Rfc8 21. Rfd1
bxc4 22. Bb6 Qc6 23. Qg3 Qe4 24. Rd4 Qc2 25. Rf1 Be4 26. Qf2 h6 27. Qxc2 Bxc2
28. g4 g6 29. Kg2 Kf8 30. Kf3 Ke7 31. Rd6 Ba4 32. Ra1 Bc6+ 33. Ke3 Bd5 34. Kd4
Ke8 35. f5 Rc6 36. fxg6 fxg6 37. Rf1 Rb8 38. Rf6 Rb7 39. Rxd5 1-0

[Event "IM"]
[Site "Aarhus"]
[Date "2003.08.01"]
[Round "6"]
[White "Christenson, Flemming"]
[Black "Hermansson, Emil"]
[Result "0-1"]
[WhiteElo "2261"]
[BlackElo "2386"]
[PlyCount "50"]
[EventDate "2003.07.27"]
[EventType "tourn"]
[EventRounds "9"]
[EventCountry "DEN"]
[EventCategory "5"]
[SourceTitle "CBM 095 Extra"]
[Source "ChessBase"]
[SourceDate "2003.09.04"]

1. d4 Nf6 2. Nf3 g6 3. c4 Bg7 4. Nc3 d5 5. e3 O-O 6. Qb3 e6 7. Bd2 b6 8. Be2
Bb7 9. O-O Nbd7 10. Rfd1 c5 11. Be1 Qb8 12. Rac1 Rd8 13. Qa4 a6 14. cxd5 exd5
15. dxc5 bxc5 16. Qh4 Bc6 17. b3 Qb7 18. Rb1 h6 19. h3 Re8 20. a3 Qc7 21. Rd3
Ne4 22. Nxd5 Bxd5 23. Rxd5 Ndf6 24. Rbd1 g5 25. Nxg5 hxg5 0-1

[Event "IM"]
[Site "Aarhus"]
[Date "2003.07.30"]
[Round "4"]
[White "Christenson, Flemming"]
[Black "Jedynak, Radoslaw"]
[Result "0-1"]
[WhiteElo "2261"]
[BlackElo "2453"]
[PlyCount "82"]
[EventDate "2003.07.27"]
[EventType "tourn"]
[EventRounds "9"]
[EventCountry "DEN"]
[EventCategory "5"]
[SourceTitle "CBM 095 Extra"]
[Source "ChessBase"]
[SourceDate "2003.09.04"]

1. d4 c5 2. e3 cxd4 3. exd4 d5 4. c3 Nc6 5. Bd3 g6 6. Bf4 Bg7 7. Nf3 Nh6 8. O-O
O-O 9. Re1 f6 10. Bg3 Bg4 11. Nbd2 e5 12. dxe5 fxe5 13. Be2 e4 14. Nd4 Nxd4 15.
Bxg4 Nxg4 16. cxd4 Nh6 17. Nb3 b6 18. Be5 Qg5 19. Bxg7 Kxg7 20. Qd2 Qh4 21. h3
Rf5 22. Rac1 Raf8 23. Re2 R8f7 24. Rc3 Rg5 25. Na1 Nf5 26. Nc2 e3 27. Qe1 Qe4
28. f3 Qf4 29. Rcxe3 Nxe3 30. Rxe3 Rgf5 31. Qe2 R5f6 32. Kf2 Rd6 33. g3 Qf6 34.
f4 g5 35. Qg4 Qg6 36. Qe2 gxf4 37. gxf4 Rxf4+ 38. Ke1 Rdf6 39. Re7+ Kf8 40. Ne3
Qg1+ 41. Kd2 Rf2 0-1

[Event "IM"]
[Site "Aarhus"]
[Date "2003.08.04"]
[Round "9"]
[White "Christenson, Flemming"]
[Black "Vinther Schou, Uffe"]
[Result "1/2-1/2"]
[WhiteElo "2261"]
[BlackElo "2390"]
[PlyCount "65"]
[EventDate "2003.07.27"]
[EventType "tourn"]
[EventRounds "9"]
[EventCountry "DEN"]
[EventCategory "5"]
[SourceTitle "CBM 095 Extra"]
[Source "ChessBase"]
[SourceDate "2003.09.04"]

1. e4 e6 2. d4 d5 3. e5 c5 4. c3 Nc6 5. Nf3 Bd7 6. Be2 f6 7. O-O Qc7 8. c4 dxc4
9. exf6 Nxf6 10. Bxc4 Nxd4 11. Nxd4 cxd4 12. Qxd4 Bc5 13. Qh4 Rc8 14. Bd3 O-O
15. Nc3 Bc6 16. Bf4 e5 17. Bg5 Bd4 18. Rac1 Qd7 19. Bxf6 gxf6 20. Rfd1 Qg7 21.
Be4 Kh8 22. Rd3 f5 23. Bxc6 Rxc6 24. Rg3 Qf7 25. Rd1 Rd6 26. Rgd3 Rfd8 27. Qg3
e4 28. Rxd4 Rxd4 29. Rxd4 Rxd4 30. Qe5+ Qg7 31. Qe8+ Qg8 32. Qe5+ Qg7 33. Qe8+
1/2-1/2

[Event "IM"]
[Site "Aarhus"]
[Date "2003.07.28"]
[Round "2"]
[White "Christenson, Flemming"]
[Black "Bank, Pelle Rodkjaer"]
[Result "1/2-1/2"]
[WhiteElo "2261"]
[BlackElo "2260"]
[PlyCount "100"]
[EventDate "2003.07.27"]
[EventType "tourn"]
[EventRounds "9"]
[EventCountry "DEN"]
[EventCategory "5"]
[SourceTitle "CBM 095 Extra"]
[Source "ChessBase"]
[SourceDate "2003.09.04"]

1. d4 g6 2. c4 Bg7 3. Nc3 d6 4. e4 Nf6 5. Nf3 O-O 6. Be2 e5 7. O-O Nc6 8. d5
Ne7 9. b4 Nh5 10. Re1 f5 11. Ng5 Nf6 12. Bf3 c6 13. Be3 h6 14. Ne6 Bxe6 15.
dxe6 fxe4 16. Nxe4 Nxe4 17. Bxe4 d5 18. cxd5 cxd5 19. Bc2 b6 20. Qg4 e4 21.
Rad1 Qc7 22. Bb3 Rf5 23. Bd4 Raf8 24. Qg3 Qc6 25. h4 Kh7 26. Bxg7 Kxg7 27. Rc1
Qxe6 28. f3 Re5 29. fxe4 Rxe4 30. Bc2 Rxe1+ 31. Rxe1 Qf6 32. h5 g5 33. Kh1 Nf5
34. Bxf5 Qxf5 35. Qd6 Rf7 36. b5 g4 37. Re5 Qf1+ 38. Kh2 Qf4+ 39. Kh1 Qc1+ 40.
Kh2 Qf4+ 41. Kh1 Qf6 42. Rxd5 Qxd6 43. Rxd6 Rf5 44. Kh2 Rxh5+ 45. Kg3 Rxb5 46.
Rd7+ Kg6 47. Rxa7 h5 48. Rb7 Kg5 49. Rg7+ Kf6 50. Rb7 Kg5 1/2-1/2

[Event "IM"]
[Site "Aarhus"]
[Date "2003.07.27"]
[Round "1"]
[White "Heim, Sverre"]
[Black "Matthiesen, Arne"]
[Result "1/2-1/2"]
[WhiteElo "2399"]
[BlackElo "2282"]
[PlyCount "182"]
[EventDate "2003.07.27"]
[EventType "tourn"]
[EventRounds "9"]
[EventCountry "DEN"]
[EventCategory "5"]
[SourceTitle "CBM 095 Extra"]
[Source "ChessBase"]
[SourceDate "2003.09.04"]

1. e4 d5 2. exd5 Qxd5 3. Nc3 Qa5 4. d4 Nf6 5. Bc4 c6 6. Nf3 Bf5 7. Bd2 e6 8.
Qe2 Bb4 9. a3 Nbd7 10. Ne5 Nxe5 11. dxe5 Nd5 12. Bxd5 exd5 13. O-O Bxc3 14.
Bxc3 Qa4 15. Rac1 c5 16. e6 Bxe6 17. Bxg7 Rg8 18. Be5 Kd7 19. Bg3 Rae8 20. Qh5
Qe4 21. Rfe1 Qf5 22. Qd1 Kc6 23. c4 Bd7 24. Qa4+ Kb6 25. Qb3+ Ka6 26. Rxe8 Rxe8
27. cxd5 b6 28. h3 Re4 29. d6 Ba4 30. Qc3 Qd5 31. b4 c4 32. f3 Rd4 33. Kh2 Bd7
34. Re1 Rd3 35. Qc1 c3 36. Qc2 f6 37. a4 Kb7 38. Re7 Kc8 39. Rxh7 Qd4 40. Rh4
Qe3 41. Rc4+ Kd8 42. Bf4 Rd2 43. Qg6 Qe6 44. Rxc3 Qxh3+ 45. Kg1 Rd1+ 46. Kf2
Qh4+ 47. Qg3 Qxg3+ 48. Bxg3 Rd4 49. a5 Rxb4 50. axb6 Rb2+ 51. Ke3 axb6 52. Bh4
Rxg2 53. Bxf6+ Ke8 54. Rc7 b5 55. f4 b4 56. Rb7 b3 57. Bc3 Rg6 58. Rxb3 Rxd6
59. Ke4 Re6+ 60. Be5 Ra6 61. Rc3 Ke7 62. Bd4 Re6+ 63. Kf3 Rh6 64. Ke4 Rh5 65.
Be5 Ke6 66. Rg3 Bc6+ 67. Kd4 Be8 68. Rb3 Bc6 69. Rb6 Kd7 70. Ra6 Rf5 71. Ra7+
Ke6 72. Rh7 Bf3 73. Rh3 Bg2 74. Rh2 Bf3 75. Ke3 Ba8 76. Rh6+ Kd5 77. Rd6+ Kc5
78. Rd8 Bc6 79. Kf2 Be4 80. Ke3 Bc6 81. Kf2 Be4 82. Rc8+ Kd5 83. Ke3 Bh1 84.
Rd8+ Kc5 85. Rd6 Bd5 86. Kf2 Be4 87. Kg3 Bb1 88. Kf3 Kc4 89. Ke3 Rh5 90. Rf6
Kd5 91. Kf3 Bf5 1/2-1/2

[Event "IM"]
[Site "Aarhus"]
[Date "2003.08.01"]
[Round "6"]
[White "Heim, Sverre"]
[Black "Vinther Schou, Uffe"]
[Result "0-1"]
[WhiteElo "2399"]
[BlackElo "2390"]
[PlyCount "116"]
[EventDate "2003.07.27"]
[EventType "tourn"]
[EventRounds "9"]
[EventCountry "DEN"]
[EventCategory "5"]
[SourceTitle "CBM 095 Extra"]
[Source "ChessBase"]
[SourceDate "2003.09.04"]

1. e4 c5 2. Nf3 Nc6 3. d4 cxd4 4. Nxd4 Nf6 5. Nc3 d6 6. Bg5 e6 7. Qd2 a6 8.
O-O-O Bd7 9. f3 b5 10. h4 Be7 11. Kb1 Rc8 12. g4 h5 13. gxh5 Rxh5 14. Nxc6 Rxc6
15. Bd3 Qa5 16. f4 b4 17. Ne2 e5 18. Rhe1 Ng4 19. Ng3 Rh7 20. Bxe7 Kxe7 21.
Nf5+ Kf8 22. Qg2 Nf6 23. Qg5 exf4 24. e5 dxe5 25. Nd4 Rh5 26. Nxc6 Bxc6 27. Qg1
Bd5 28. b3 e4 29. Qa7 Re5 30. Qb8+ Re8 31. Qxf4 exd3 32. Rxe8+ Nxe8 33. Rxd3
Qc5 34. Qg5 Nf6 35. h5 Qc6 36. h6 gxh6 37. Qxh6+ Ke7 38. Qh4 Be4 39. Rd2 a5 40.
Rf2 Qd6 41. Kc1 Qc6 42. c4 Bg6 43. Qg5 Qd6 44. Rf4 Qe6 45. Kd2 Be4 46. Kc1 Bd3
47. Qg1 Qe5 48. Rd4 Qe2 49. Rxd3 Qxd3 50. Qa7+ Ke6 51. Qxa5 Qf1+ 52. Kc2 Qf5+
53. Qxf5+ Kxf5 54. a3 bxa3 55. b4 Ke4 56. Kb3 Kd4 57. c5 Nd5 58. Kxa3 f5 0-1

[Event "IM"]
[Site "Aarhus"]
[Date "2003.07.30"]
[Round "4"]
[White "Heim, Sverre"]
[Black "Bae, Torstein"]
[Result "1-0"]
[WhiteElo "2399"]
[BlackElo "2366"]
[PlyCount "135"]
[EventDate "2003.07.27"]
[EventType "tourn"]
[EventRounds "9"]
[EventCountry "DEN"]
[EventCategory "5"]
[SourceTitle "CBM 095 Extra"]
[Source "ChessBase"]
[SourceDate "2003.09.04"]

1. e4 c6 2. d3 d5 3. Nd2 e5 4. Ngf3 Bd6 5. g3 Ne7 6. Bg2 O-O 7. O-O Ng6 8. d4
f5 9. dxe5 fxe4 10. exd6 Bg4 11. h3 exf3 12. Nxf3 Bxf3 13. Bxf3 Qxd6 14. Bg2
Qf6 15. c3 Ne5 16. Bf4 Nbd7 17. Qd4 a6 18. Rad1 Rae8 19. b3 b5 20. Kh1 Rf7 21.
Rde1 Rfe7 22. Re2 Ng6 23. Rxe7 Qxe7 24. Be3 Nf6 25. c4 dxc4 26. bxc4 Ne5 27.
cxb5 cxb5 28. Bg5 Nf7 29. Bd2 Rd8 30. Qe3 Qxe3 31. Bxe3 Nd5 32. Bd2 Nf6 33. Bb4
Rd4 34. a3 Ne4 35. Kg1 Nfd6 36. Bxe4 Nxe4 37. Re1 Kf7 38. Kg2 Nd6 39. Kf3 a5
40. Bxa5 Rd3+ 41. Re3 Rd5 42. Bb4 h5 43. Ke2 g6 44. g4 hxg4 45. hxg4 Nc4 46.
Re7+ Kf6 47. Rc7 Ne5 48. f3 Ke6 49. Ke3 Nc4+ 50. Ke4 Re5+ 51. Kf4 g5+ 52. Kg3
Re3 53. Kf2 Rb3 54. Rc6+ Kf7 55. Rc5 Kg6 56. Kg3 Rb2 57. Rc6+ Kf7 58. Rc7+ Kg6
59. Be7 Rb3 60. Rc6+ Kf7 61. Bxg5 Rxa3 62. Bf4 Rc3 63. g5 b4 64. Kh4 b3 65. g6+
Ke8 66. g7 Kf7 67. Rc7+ Kg8 68. Bh6 1-0

[Event "IM"]
[Site "Aarhus"]
[Date "2003.07.29"]
[Round "3"]
[White "Heim, Sverre"]
[Black "Christenson, Flemming"]
[Result "0-1"]
[WhiteElo "2399"]
[BlackElo "2261"]
[PlyCount "88"]
[EventDate "2003.07.27"]
[EventType "tourn"]
[EventRounds "9"]
[EventCountry "DEN"]
[EventCategory "5"]
[SourceTitle "CBM 095 Extra"]
[Source "ChessBase"]
[SourceDate "2003.09.04"]

1. e4 e5 2. Nf3 Nf6 3. Nc3 Bb4 4. Nxe5 O-O 5. Nd3 Bxc3 6. dxc3 Nxe4 7. Be2 d5
8. O-O c6 9. Be3 Nd7 10. Re1 Ndf6 11. f3 Nd6 12. Bf1 h6 13. b3 Bf5 14. Qd2 Re8
15. a4 Nd7 16. Bf2 Rxe1 17. Rxe1 a6 18. Qf4 Bxd3 19. cxd3 Qf6 20. Qxf6 Nxf6 21.
Bc5 Re8 22. Kf2 Rxe1 23. Kxe1 Nde8 24. g3 Nd7 25. Be3 Kf8 26. h4 Ke7 27. Bh3
Nc7 28. Ke2 Ne6 29. d4 Nf6 30. Bc1 Ne8 31. Ba3+ Kf6 32. f4 g6 33. Bc1 h5 34.
Be3 Nd6 35. Bf2 Ne4 36. Be1 Ng7 37. Kf3 Nf5 38. a5 Ke7 39. Bf1 Nfd6 40. Bd3 f5
41. Ke3 Kd7 42. Kf3 Nb5 43. Bxb5 cxb5 44. b4 Kc6 0-1

[Event "IM"]
[Site "Aarhus"]
[Date "2003.07.30"]
[Round "4"]
[White "Hermansson, Emil"]
[Black "Bank, Pelle Rodkjaer"]
[Result "1-0"]
[WhiteElo "2386"]
[BlackElo "2260"]
[PlyCount "86"]
[EventDate "2003.07.27"]
[EventType "tourn"]
[EventRounds "9"]
[EventCountry "DEN"]
[EventCategory "5"]
[SourceTitle "CBM 095 Extra"]
[Source "ChessBase"]
[SourceDate "2003.09.04"]

1. e4 g6 2. d4 Bg7 3. Nf3 d6 4. c3 Nc6 5. Bb5 Nf6 6. O-O O-O 7. Re1 a6 8. Ba4
b5 9. Bc2 e5 10. h3 Nd7 11. a4 Bb7 12. Na3 h6 13. Be3 bxa4 14. Qd2 Kh7 15. Nc4
exd4 16. cxd4 d5 17. exd5 Ne7 18. Rxa4 Bxd5 19. Nfe5 Nb6 20. Nxb6 cxb6 21. Ng4
Ng8 22. Ra3 Ra7 23. Bf4 Ba8 24. Be5 f6 25. Bf4 Rd7 26. Rxa6 Rxd4 27. Qe3 Qd5
28. Qg3 f5 29. Ne3 Qc6 30. Ra7 Rd7 31. Rxd7 Qxd7 32. Rd1 Qb5 33. Rd6 Rf6 34.
Rd8 Bc6 35. Be5 Rf7 36. Rd6 Nf6 37. Bc3 Be4 38. Bxe4 fxe4 39. Nd5 Qxd5 40. Rxd5
Nxd5 41. Bxg7 Kxg7 42. Qd6 Rf5 43. g4 Rg5 1-0